Normal view
MARC view
Entry Personal Name
001 - CONTROL NUMBER
- control field: 22659
003 - CONTROL NUMBER IDENTIFIER
- control field: dpl
005 - DATE AND TIME OF LATEST TRANSACTION
- control field: 20101004140630.0
008 - FIXED-LENGTH DATA ELEMENTS
- fixed length control field: 101004|||a|||||| | ||| d
040 ## - CATALOGING SOURCE
- Original cataloging agency: dpl
- Transcribing agency: dpl
100 ## - HEADING--PERSONAL NAME
- Personal name: फास्ट, हावर्ड
670 ## - SOURCE DATA FOUND
- Source citation: Work cat.: (dpl)9778: फास्ट, हावर्ड, तीन क्रांतियों का प्रवक्ता टॉमस पैन /, 2008
670 ## - SOURCE DATA FOUND
- Source citation: Work cat.: (dpl)9778: फास्ट, हावर्ड, तीन क्रांतियों का प्रवक्ता टॉमस पैन /, 2008
